Applied english grammar and compostion / (Record no. 83547)

MARC details
000 -LEADER
fixed length control field 00684nam a22001817a 4500
005 - DATE AND TIME OF LATEST TRANSACTION
control field 20140416160734.0
010 ## - LCCN (DPL NO)
LC control number ENG-109721
020 ## - INTERNATIONAL STANDARD BOOK NUMBER
International Standard Book Number 9788173817731
Terms of availability 285.00
035 ## - SYSTEM CONTROL NUMBER
System control number EN-93254
037 ## - SOURCE OF ACQUISITION
Source of stock number/acquisition DBAD/PUB
100 ## - MAIN ENTRY--PERSONAL NAME
Personal name Das, P. C
245 00 - TITLE STATEMENT
Title Applied english grammar and compostion /
Statement of responsibility, etc by P. C Das
260 ## - PUBLICATION, DISTRIBUTION, ETC. (IMPRINT)
Place of publication, distribution, etc Kolkata
Name of publisher, distributor, etc New Central Book Agency
Date of publication, distribution, etc 2013
270 ## - ADDRESS
Address 8/1 Chintamoni Das Lane
City Kolkata
Postal code 700009
300 ## - PHYSICAL DESCRIPTION
Extent xv,720p.
Dimensions 24cm(pbk)
500 ## - GENERAL NOTE
General note
942 ## - ADDED ENTRY ELEMENTS (KOHA)
Source of classification or shelving scheme Dewey Decimal Classification
Item type English Books
Call number suffix DAS
Holdings
Withdrawn status Lost status Not for loan Collection code Home library Current library Date acquired Source of acquisition Cost, normal purchase price Full call number Barcode Copy number Cost, replacement price Koha item type
    Not For Loan Non-fiction D.B.Act.Division D.B.Act.Division 16/04/2014 DBAD/PUB 285.00 DAS EN-93254 1 285.00 English Books

© Delhi Public Library
Hit Counter
free hit counter